Statistics for Word Scramble Geography by Letter - M

Click here to take the quiz!

General Stats

  • This quiz has been taken 285 times
  • The average score is 15 of 20

Answer Stats

Answer% Correct
Minsk
100%
Mississippi
100%
Morocco
100%
Moscow
100%
Malta
96%
Madrid
95%
Malawi
95%
Malaysia
95%
Mexico
95%
Monaco
95%
Male
94%
Moldova
94%
Macau
93%
Mecca
92%
Michigan
91%
Madagascar
90%
Mali
89%
Manila
89%
Milan
89%
Munich
89%
Maine
88%
Manama
88%
Montenegro
88%
Mozambique
88%
Myanmar
88%
Miami
86%
Missouri
86%
Maldives
85%
Montevideo
85%
Massachusetts
84%
Muscat
79%
Mongolia
77%
Montana
77%
Mexico City
76%
Maryland
75%
Monrovia
75%
Montgomery
75%
Maputo
73%
Maseru
72%
Mumbai
72%
Majuro
71%
Mauritius
71%
Memphis
71%
Minnesota
68%
Malabo
67%
Manitoba
65%
Minneapolis
65%
Melbourne
64%
Manchester
63%
Mauritania
63%
Mandarin
61%
Montreal
59%
Managua
58%
Marshall Islands
58%
Maori
55%
Mogadishu
55%
Montpelier
54%
Manaus
52%
Mbabane
50%
Monterrey
50%
Moroni
50%
Madison
48%

Score Distribution

Percentile by Number Answered

Percent of People with Each Score

Your Score History

You have not taken this quiz